Retrato espiritual del cristiano / (Record no. 125683)

MARC details
000 -LEADER
campo de control de longitud fija 00714nam a2200229 4500
001 - NÚMERO DE CONTROL
campo de control 125683
003 - IDENTIFICADOR DE NÚMERO DE CONTROL
campo de control ES-MaACL
005 - FECHA Y HORA DE LA ÚLTIMA TRANSACCIÓN
campo de control 20250812085823.0
007 - CAMPO FIJO DE DESCRIPCIÓN FÍSICA--INFORMACIÓN GENERAL
campo de control de longitud fija t|
008 - DATOS DE LONGITUD FIJA--INFORMACIÓN GENERAL
campo de control de longitud fija 070214s1967 sp r ||||1| spa d
080 ## - NÚMERO DE LA CLASIFICACIÓN DECIMAL UNIVERSAL
Número de la Clasificación Decimal Universal 248.1
100 1# - ENTRADA PRINCIPAL--NOMBRE DE PERSONA
Nombre de persona Regamey, Pie-Raymond.
9 (RLIN) 95870
245 10 - MENCIÓN DEL TÍTULO
Título Retrato espiritual del cristiano /
Mención de responsabilidad, etc. P.-R. Regamey ; traducción a cargo del Monasterio de Religiosas de San Benito.
250 ## - MENCION DE EDICION
Mención de edición 1ª ed.
260 ## - PUBLICACIÓN, DISTRIBUCIÓN, ETC.
Lugar de publicación, distribución, etc. Barcelona :
Nombre del editor, distribuidor, etc. Estela,
Fecha de publicación, distribución, etc. 1967.
300 ## - DESCRIPCIÓN FÍSICA
Extensión 510 p. ;
Dimensiones 20 cm.
490 1# - MENCIÓN DE SERIE
Mención de serie Espiritualidad ;
Designación de volumen o secuencia 25
650 #7 - PUNTO DE ACCESO ADICIONAL DE MATERIA--TÉRMINO DE MATERIA
Término de materia o nombre geográfico como elemento de entrada Vida espiritual-
Subdivisión general Cristianismo
Fuente del encabezamiento o término
9 (RLIN) 158575
830 1# - PUNTO DE ACCESO ADICIONAL DE SERIE-TÍTULO UNIFORME
Título uniforme Espiritualidad ;
Designación de volumen o secuencia 25
9 (RLIN) 182730
852 ## - LOCALIZACIÓN
Ubicación ES-MaACL
Número de control de estantería C-32606
Holdings
Estatus retirado Estado de pérdida Estado de daño No para préstamo Biblioteca de origen Biblioteca actual Ubicación en estantería Fecha de adquisición Fuente de adquisición Total de préstamos Signatura topográfica completa Código de barras Visto por última vez Precio de reemplazo Tipo de ítem Koha
        Biblioteca del Ateneo de Madrid Biblioteca del Ateneo de Madrid Depósito 2 17/01/2008     C-32606 1130925 23/02/2023 23/02/2023 Libro impreso